00300nam a2200109Ia 4500008004000000020001800040082001600058100002200074245005100096260003500147300000800182210210b1974 xxu||||| |||| 00| 0 eng d a0 7069 0334 X a305.43 KAPC aKAPUR (Promilla). aChanging status of the working women in India. aDelhibVikas Publishing.c1974 a178